Statistics for Title in the Lyrics Quiz #6

Click here to take the quiz!

General Stats

  • This quiz has been taken 33,487 times
    (26,132 since last reset)
  • The average score is 8 of 16

Answer Stats

Song Lyric % Correct
{I} {kissed} {a} {girl} and I liked it / The taste of her cherry chapstick
96%
You put your right hand in / And you shake it all about / You do the {hokey} {pokey} / and you turn yourself around
82%
It's fun to stay at the {Y}.{M}.{C}.{A}.
74%
Hey now you're an {all}-{star} get your game on, go play
69%
{Don}'{t} {stop} {believin}' / Hold on to that feelin' / Streetlight people
61%
{Somewhere} {over} {the} {rainbow} / Way up high / There's a land that I heard of / Once in a lullaby
61%
And we'll never be {royals} ({royals}) / It don't run in our blood / That kind of luxe just ain't for us
58%
Plenty of room at the {Hotel} {California} / Any time of year / You can find it here
57%
Breaking rocks in the hot sun / {I} {fought} {the} {law} and the law won
47%
And it seems to me you lived your life like a {candle} {in} {the} {wind}
43%
Come on baby, {light} {my} {fire} / Try to set the night on fire
39%
Little ditty 'bout {Jack} {and} {Diane} / Two American kids growin' up in the heartland
38%
Key Largo, Montego baby why don't we go / Down to {Kokomo}
36%
Wastin' away again in {Margaritaville} / Searching for my lost shaker of salt
35%
Foreign types with the hookah pipes say / Ay oh whey oh, ay oh whey oh / {Walk} {like} {an} {Egyptian}
21%
When you believe in things that you don't understand / Then you suffer / {Superstition}
19%

Score Distribution

Percentile by Number Answered

Percent of People with Each Score

Your Score History

You have not taken this quiz since the last reset